000
00305nam a2200121Ia 4500
008
220216s9999 xx 000 0 und d
100
_a
James G W
245
0
_a
Problems in the manufacture of rubber goods
260
_b
IRI Transactions
_c
1932
300
_a
189-203
650
_a
Rubber goods
942
_c
JS
999
_c
65725
_d
65725